00357 2200157 4500001002100000005001700021020001800038035002500056082000800081100001100089245001000100250000600110260004600116300002800162990000900190INLIS00000000001246920150112162510.0 a979-655-373-2 a0010-011500000005242 a813 aHilman aLUPUS a1 aJakartabPT. Gramedia Pustaka Utamac2000 a128 hlm; 18 cm.c18 cm. a5429